Normal view
MARC view
- BIGGS,M.JOHN
Entry Personal Name
001 - CONTROL NUMBER
- control field: 91660
003 - CONTROL NUMBER IDENTIFIER
- control field: NUST
005 - DATE AND TIME OF LATEST TRANSACTION
- control field: 20220518163538.0
008 - FIXED-LENGTH DATA ELEMENTS
- fixed length control field: 220518|| aca||aabn | a|a d
040 ## - CATALOGING SOURCE
- Original cataloging agency: NUST
- Transcribing agency: NUST
100 ## - HEADING--PERSONAL NAME
- Personal name: BIGGS,M.JOHN
670 ## - SOURCE DATA FOUND
- Source citation: Work cat.: (NUST): BIGGS,M.JOHN., INTRODUCTION TO STRUCTURAL DYNAMICS /, 2016.
